Normal view
MARC view
- सबनीस मि.प्र
Entry Personal Name
001 - CONTROL NUMBER
- control field: 69483
003 - CONTROL NUMBER IDENTIFIER
- control field: OSt
005 - DATE AND TIME OF LATEST TRANSACTION
- control field: 20220806111601.0
008 - FIXED-LENGTH DATA ELEMENTS
- fixed length control field: 220806|| aca||aabn | a|a d
040 ## - CATALOGING SOURCE
- Original cataloging agency: OSt
- Transcribing agency: OSt
100 ## - HEADING--PERSONAL NAME
- Personal name: सबनीस मि.प्र
670 ## - SOURCE DATA FOUND
- Source citation: Work cat.: (OSt)38973: सबनीस मि.प्र., समग्र वन्दे मातरम खंड २ संकलन, 2015